| 000 | 00508nam a22001937a 4500 | ||
|---|---|---|---|
| 003 | OSt | ||
| 005 | 20230814134047.0 | ||
| 008 | 230814b |||||||| |||| 00| 0 eng d | ||
| 020 | _a9781412994057 | ||
| 040 | _cIfm library | ||
| 082 | _a307.14072 | ||
| 100 | _aStoecker, Randy | ||
| 245 | _aReseach Methods for Community Change: A Project-Based Approach | ||
| 250 | _a2nd ed. | ||
| 260 |
_aLondon: _bSage, _c2013. |
||
| 300 |
_axvii, 269p.: _bill.;23cm |
||
| 500 | _aInclude Index | ||
| 942 |
_2ddc _cBK _n0 |
||
| 999 |
_c21846 _d21846 |
||